| 000 | 00977nac a22001931u 4500 | ||
|---|---|---|---|
| 008 | 100810t1972 ua|||||r|||| 001 0dara d | ||
| 082 |
_a269.9255 _bب س ي |
||
| 100 |
_aبسيوني ، إبراهيم _917387 |
||
| 110 |
_aMogamaa Al Behoth Al Islameya _917389 |
||
| 245 |
_aالإمام القشيري : _bسيرته - آثاره - مذهبه في التصوف / _cإبراهيم بسيوني |
||
| 260 |
_aالقاهرة : _b1972 ،مجمع البحوث الأسلامية _c1972 |
||
| 300 |
_a336 ص ؛ . _c24 سم. |
||
| 504 | _aيحتوي علي ببليوجافية ص 324-329 | ||
| 511 | _aCatalogued by: Sara | ||
| 600 |
_917388 _aالقشيري ، عبد الرحيم بن هوازن |
||
| 650 |
_aالمتصوفون الايرانيون _915156 |
||
| 942 |
_cBB _k269.9255ب س ي _2ddc |
||
| 999 |
_c8026 _d8026 |
||